00678nam a22002291a 4500001000800000005001700008008004100025010001300066020001500079035000300094040001800097050002300115082002600138100002200164245008800186250001200274260003900286300002500325504005100350650002700401650002000428235206820110718132019.0830623s1983 cau b 001 0 eng  a83047731 a0060664568  aDLCcDLCdDLC00aLB885.P34bT6 198300aLB 885.P34T6 19832191 aPalmer, Parker J.10aTo know as we are known :ba spirituality of education /cParker J. Palmer.h[Text] a1st ed. aSan FranciscobHarper & Rowcc1983 axiv, 130 p. ; 22 cm. aIncludes bibliographical references and index. 0aEducationxPhilosophy. 0aSpiritual life.